Efemérides históricas y apologéticas /

Efemérides de historia universal sin límite geográfico ni temporal.

保存先:
書誌詳細
第一著者: Elguero, Francisco (autor)
その他の著者: Junco, Alfonso (semblanza) (semblanza)
フォーマット: 図書
言語:スペイン語
出版事項: Madrid, España : Aguilar, 1929, c1929
主題:
タグ: タグ追加
タグなし, このレコードへの初めてのタグを付けませんか!

MARC

LEADER 00000nam^a2200000^a^4500
001 000131819
005 20250521000000.0
009 20260310095037.201
037 |a Acervo ITESO - Biblioteca 
041 |a ESP 
082 |a 909.  |b ELG V. 3 
100 |a Elguero, Francisco  |e (autor) 
240 1 1 |a [Efemérides históricas y apologéticas] 
245 1 0 |a Efemérides históricas y apologéticas /  |c F. Elguero ; semblanza de A. Junco. 
264 4 |a Madrid, España :  |b Aguilar,  |c 1929, c1929 
300 |a 391 p. 
336 |a texto  |b txt  |2 rdacontenido 
337 |a sin mediación  |b n  |2 rdamedio 
338 |a volumen  |b nc  |2 rdasoporte 
520 |a Efemérides de historia universal sin límite geográfico ni temporal. 
649 |a XX 
650 |a Efemérides 
650 |a Crónica Histórica 
650 |a Historia Universal 
700 |a Junco, Alfonso  |e (semblanza) 
910 |a Fondo Salvador Reynoso Reynoso 
920 |a Impresos - Libros 
930 |a Fondos Especiales 
905 |a 112 
901 |a 0800012202  |b IT2  |c ESP  |u 20250521 
902 |a https://opac.biblio.iteso.mx/vufind/Record/000131819